| Registos Bibliográficos associados ao registo de autoridade |
|
Etiqueta de registo: 00254nam 2200025 450 001 2279468 003 http://id.bnportugal.gov.pt/bib/catbnp/2279468 100 ## $a20260312d2025 k y0pory01030103ba 101 0# $apor$deng 102 ## $aPT 105 ## $aa m 000yy 106 ## $ar 200 1# $aProatividade em assistentes inteligentes para tv interativa$epromoção da empatia e melhoria da experiência do utilizador$fTiffany Eusébio Marques$gorient. Jorge Trinidad Feraz de Abreu, Ana Rita Costa Bonifácio Selores dos Santos 210 #9 $aAveiro$c[s.n.], $d2025 215 ## $a[7] f., 276 p.$cil.$d30 cm 328 #1 $aTese dout. Informação e Comunicação em Plataformas Digitais, Universidade de Aveiro,
2025 675 ## $a316.77(043)$vBN$zpor$3601801 675 ## $a004.73(043)$vBN$zpor$3813506 675 ## $a004.8(043)$vBN$zpor$31234122 700 #1 $aMarques,$bTiffany Eusébio$31990887 702 #1 $aAbreu,$bJorge Trinidad Ferraz de$4727$31567954 702 #1 $aSantos,$bAna Rita,$f1981-$4727$31616298 801 #0 $aPT$bBN$gRPC 966 ## $lBN$mFGMON$sS.C. 168909 V.$x1 971 ## $cisantos$d20260312 972 ## $e0$z0$d20260424$vasantos 973 ## $csteixeira$d20260413
|
|
|